Black Hat Python / (Record no. 36956)

MARC details
000 -LEADER
fixed length control field 00409nam a22001577a 4500
005 - DATE AND TIME OF LATEST TRANSACTION
control field 20250703103433.0
008 - FIXED-LENGTH DATA ELEMENTS--GENERAL INFORMATION
fixed length control field 250703b |||||||| |||| 00| 0 eng d
082 ## - DEWEY DECIMAL CLASSIFICATION NUMBER
Classification number 005.8
Item number SEI-B
100 ## - MAIN ENTRY--AUTHOR
Author Name Seitz, Justin
245 ## - TITLE STATEMENT
Title Black Hat Python /
Statement of responsibility, etc. Justin Seitz
260 ## - PUBLICATION, DISTRIBUTION, ETC.
Place of Publication USA:
Name of publisher, distributor, etc. Elsevier;
Date of publication, distribution, etc. 2015.
300 ## - PHYSICAL DESCRIPTION
Pages xiv, 520 p. :
500 ## - GENERAL NOTE
General note include index.
650 ## - SUBJECT ADDED ENTRY--TOPICAL TERM
Subject / Department DataScience
300 ## - PHYSICAL DESCRIPTION
-- ill;
-- 24 cm.
952 ## - LOCATION AND ITEM INFORMATION (KOHA)
-- 0
-- 0
952 ## - LOCATION AND ITEM INFORMATION (KOHA)
-- 0
-- 0
952 ## - LOCATION AND ITEM INFORMATION (KOHA)
-- 0
-- 0
952 ## - LOCATION AND ITEM INFORMATION (KOHA)
-- 0
-- 0
952 ## - LOCATION AND ITEM INFORMATION (KOHA)
-- 0
-- 0
Holdings
Lost status Damaged status Collection code Permanent Location Current Location Shelving Location Date acquired Full Call Number Accession No./Barcode Date last seen Copy number item type Koha item type
    CS/IT Superior Information Resource Center (SIRC) Superior University- Gold Campus Superior Information Resource Center (SIRC) Superior University- Gold Campus Data Science 07/03/2025 005.8 SEI-B 2015 30261 07/04/2025 1 BOOK BOOK
    CS/IT Superior Information Resource Center (SIRC) Superior University- Gold Campus Superior Information Resource Center (SIRC) Superior University- Gold Campus Data Science 07/03/2025 005.8 SEI-B 2015 30262 07/03/2025 2 BOOK BOOK
    CS/IT Superior Information Resource Center (SIRC) Superior University- Gold Campus Superior Information Resource Center (SIRC) Superior University- Gold Campus Data Science 07/03/2025 005.8 SEI-B 2015 30263 07/03/2025 3 BOOK BOOK
    CS/IT Superior Information Resource Center (SIRC) Superior University- Gold Campus Superior Information Resource Center (SIRC) Superior University- Gold Campus Data Science 07/03/2025 005.8 SEI-B 2015 30264 07/03/2025 4 BOOK BOOK
    CS/IT Superior Information Resource Center (SIRC) Superior University- Gold Campus Superior Information Resource Center (SIRC) Superior University- Gold Campus Data Science 07/03/2025 005.8 SEI-B 2015 30270 07/03/2025 5 BOOK BOOK

Powered by Koha